000 00347nam a22001337a 4500
020 _a01956705x
082 _222
_a808.027
100 _aBillingham, Jo.
245 _aOne step ahead.
_bEditing and reserving text /
250 _aNA
260 _aNew Delhi,
_bOxfort University Press,
_cc2005.
300 _a136 p. ;
_bill. ;
_c23 cm.
942 _2ddc
_cGEN
999 _c1157
_d1157